000 00639nam a2200229Ia 4500
003 OSt
005 20221006165249.0
006 a|||||r|||| 00| 0
007 ta
008 221006b |||||||| |||| 00| 0 eng d
024 _a1,648
037 _cTextual
040 _aFML
_cFML
_beng
041 _2eng
_aeng
082 _aO15:gx1,1,3, 111P6
100 _aMishra Kailash Pati Au.
_9679432
245 0 _aAesthetic Philosophy of Abhinavgupta
260 _aVaranasi
_bKala Prakashan
_c2006
300 _a207
_ccm.
942 _hO15:gx1,1,3, 111P6
_cTEXL
_2CC
999 _c1120205
_d1120205